banner-ar

INTERNATIONAL MIDDLE EAST BUILDING PRODUCTS CATALOG / (Record no. 22217)

MARC details
000 -الفاتح
حقل البيانات ثابتة الطول 00575nam a2200193Ia 4500
008 - عناصر البيانات ثابتة الطول - معلومات عامة
حقل البيانات ثابتة الطول 140319s9999 xx 000 0 eng d
040 ## - مصدر الفهرسة
وكالة الفهرسة الأصلية GCL /
وكالة النسخ GCL
082 04 - رقم تصنيف ديوى العشرى
رقم التصنيف 691.0216
رقم المادة D I
100 1# - المدخل الرئيسى - إسم شخصى
الإسم الشخصى DATA DISTRIBUTION PUBLICATIONS
245 10 - بيان العنوان
العنوان INTERNATIONAL MIDDLE EAST BUILDING PRODUCTS CATALOG /
بيان المسئوليه,etc DATA DISTRIBUTION PUBLICATIONS
700 1# - المدخل الاضافى - اسم شخصى
الإسم الشخصى WILMINGTON PUBLISHING LTD.
260 ## - PUBLICATION, DISTRIBUTION, ETC. (IMPRINT)
تاريخ النشر أو التوزيع 1992
650 04 - المدخل الاضافى بالموضوع-مصطلح موضوعى
مصطلح موضوعي CATALOGUS
650 04 - المدخل الاضافى بالموضوع-مصطلح موضوعى
مصطلح موضوعي BUILDING PRODUCT
650 04 - المدخل الاضافى بالموضوع-مصطلح موضوعى
مصطلح موضوعي FIRMS
650 04 - المدخل الاضافى بالموضوع-مصطلح موضوعى
مصطلح موضوعي PRODUCTIONS
942 ## - عناصر المدخل الإضافي( كوها)
مصدر التصنيف او مخطط الترفيف Dewey Decimal Classification
Koha [default] item type كتاب
260 ## - PUBLICATION, DISTRIBUTION, ETC. (IMPRINT)
-- [S.N] :
-- DATA DISTRIBUTION PUBLICATIONS ،
Holdings
حالة التراجع حالة الفقد حالة تلف ليس للاعارة المكان المؤقت الموقع الحالى تاريخ الاكتساب اجمالي اﻻعارات رقم الطلب الباركود تاريخ اخر مشاهدة تاريخ تفعيل السعر نوع وعاء كوها
        مكتبة القاهرة الكبرى مكتبة القاهرة الكبرى 03/26/2014   691.0216\D I 40432 03/26/2014 03/26/2014 كتاب
        مكتبة القاهرة الكبرى مكتبة القاهرة الكبرى 03/26/2014   691.0216\D I 40433 03/26/2014 03/26/2014 كتاب

Powered By

EGPV